Do You Know a SUPERHERO?

Bibliographic Details
Other Authors: Escudero, Jesus (Illustrator)
Format: Book
Subjects:

MARC

LEADER 00000cam a2200000 7i4500
001 0000278209
005 20210818085317.0
006 aa ###j ###
007 t
008 210818t20182018mdua j eng #
020 |a 9781947458246 
040 |a MBPJ   |b eng   |c MBPJ   |e rda 
090 0 0 |a JF   |b DOY 
245 0 0 |a Do You Know a SUPERHERO?   |c Art by Jesus Escudero 
264 0 |a Baltimore, MD :   |b Duo Press   |c 2018 
264 0 |c ©2018 
300 |a 1 volume (various pagings) :   |b colour illustration. ;   |c 21 cm. 
336 |a still image  |2 rdacontent 
336 |a text  |2 rdacontent 
337 |a unmediated  |2 rdamedia 
338 |a volume  |2 rdacarrier 
650 0 |a Children's stories 
700 1 |a Escudero, Jesus ,   |e illustrator 
999 |a 00391406   |b BUKU   |c PINJAMAN   |e PERPUSTAKAAN KOMUNITI PETALING JAYA